Komerčné banky a investičné bankovníctvo - príklad Slovenska, Austrálie a USA. 2

Rozširovanie služieb komerčných bánk a príklon klasických peňažných ústavov k profilu investičných bánk. Aktivity v investičnom bankovníctve. Komerčné banky v oblasti investičného bankovníctva v Austrálii. Legislatívne a regulačné prostredie.

Saved in:
Bibliographic Details
Main Author: Oravec, J.
Format: Book Chapter
Language:Slovak
Subjects:
Tags: Add Tag
No Tags, Be the first to tag this record!

MARC

LEADER 00000naa a2200000 4500
001 r020352
005 20221213100856.2
041 0 |a slo 
044 |a SK 
245 1 0 |a Komerčné banky a investičné bankovníctvo - príklad Slovenska, Austrálie a USA. 2  |c J. Oravec 
520 |a Rozširovanie služieb komerčných bánk a príklon klasických peňažných ústavov k profilu investičných bánk. Aktivity v investičnom bankovníctve. Komerčné banky v oblasti investičného bankovníctva v Austrálii. Legislatívne a regulačné prostredie. 
610 2 0 |a bankovníctvo 
610 2 0 |a Slovensko 
610 2 0 |a USA 
610 2 0 |a Austrália 
610 2 0 |a banky obchodné 
610 2 0 |a banky investičné 
610 2 0 |a legislatíva 
610 2 0 |a papiere cenné 
610 2 0 |a služby bankové 
100 1 |a Oravec, J.